000 00455nam a2200181Ia 4500
008 221030s9999 xx 000 0 und d
020 _a8177580108
041 _aEnglish
082 _a105.23
_bLau
100 _aK. C. Loudon
245 0 _aManagement Information Systems
_cby K. C. Loudon, J. P. Loudon
250 _a8th
260 _bPearson Education
_aDelhi
_c2005
300 _a604
650 _aMBA Computers
700 _aJ. P. Loudon
942 _cBK
999 _c660
_d660